Quick answers to small business questions (Record no. 104116)

MARC details
000 -LEADER
fixed length control field 00679cam a2200217 4500
001 - CONTROL NUMBER
control field L129166
008 - FIXED-LENGTH DATA ELEMENTS--GENERAL INFORMATION
fixed length control field 050324n2001 000 0 eng u
020 ## - INTERNATIONAL STANDARD BOOK NUMBER
International Standard Book Number 0273653261
035 ## - SYSTEM CONTROL NUMBER
System control number (Sirsi) u129166
041 ## - LANGUAGE CODE
Language code of text/sound track or separate title eng
050 ## - LIBRARY OF CONGRESS CALL NUMBER
Classification number 650
-- 18
100 ## - MAIN ENTRY--PERSONAL NAME
Personal name Alsbury, Alison
245 ## - TITLE STATEMENT
Title Quick answers to small business questions
260 ## - PUBLICATION, DISTRIBUTION, ETC.
Place of publication, distribution, etc. Harlow
Name of publisher, distributor, etc. Pearson
Date of publication, distribution, etc. 2001
300 ## - PHYSICAL DESCRIPTION
Extent xxiv, 253p.
Dimensions 24cm.
350 ## - PRICE (NR) (BK AM CF MU VM SE) [OBSOLETE]
Price 17.99
490 ## - SERIES STATEMENT
Series statement Prentice Hall Quick Answers Series
520 ## - SUMMARY, ETC.
Summary, etc. Provides a series of questions and answers on a number of key areas, including, planning, finance, marketing, growth, and staff.
690 ## - LOCAL SUBJECT ADDED ENTRY--TOPICAL TERM (OCLC, RLIN)
Topical term or geographic name as entry element MANAGEMENT-BUSINESS MANAGEMENT
942 ## - ADDED ENTRY ELEMENTS (KOHA)
Suppress in OPAC 0
Holdings
Withdrawn status Lost status Source of classification or shelving scheme Damaged status Not for loan Home library Current library Shelving location Date acquired Cost, normal purchase price Total Checkouts Full call number Barcode Date last seen Date last checked out Copy number Cost, replacement price Price effective from Koha item type
    Dewey Decimal Classification     London London Books 25/04/2005 15.29 13 650 ALS 30066135 06/08/2019 07/07/2009 1 15.29 06/08/2019 Book